000 01299cab a2200337 4500
001 E2042
008 090401t1993 xxu||||| |||| 00| 0 eng d
035 _a(Sirsi) u37198
041 _aeng
245 _aBroadland Properties Estates Limited v Mann
260 _c1993
350 _a0
490 _aSLC
_v1993 R 1-15(15)
520 _aSLC Application Ross RN 449 - order of 24 August 1993. The landlords of three holdings appealed against the award of the statutory arbiter appointed by the Secretary of State for Scotland to determine the rent payable for these holdings. The tenant of the three holdings held both allocated milk quota and transferred milk quota.
650 _aAGRICULTURAL HOLDINGS (SCOTLAND) ACT 1991
650 _aAGRICULTURAL HOLDINGS
650 _aAGRICULTURE ACT 1986
650 _aALLOCATED QUOTA
650 _aMANAGEMENT-DISPUTE AVOIDANCE, MANAGEMENT AND RESOLUTION-DISPUTE MANAGEMENT AND RESOLUTION-ARBITRATION
650 _aMILK QUOTAS
650 _aRENT PROPERLY PAYABLE
650 _aRENTAL AWARD
650 _aSCOTLAND
650 _aSCOTTISH LAND COURT
650 _aSLC
650 _aSTATUTORY ARBITER
650 _aTRANSFERRED QUOTA
690 _aLANDLORD AND TENANT-CASE LAW-AGRICULTURAL TENANCIES
942 _n0
948 _c04/03/1997
999 _c24064
_d24064